01015naa#a2200181#i#4500001002300000005001700023011001400040100004100054102000700095200019300102210016900295215001100464608004500475675024300520700003000763700002600793856001400819RU\INFRA-M\bibl\10335220260602152621.2##a2500-3291##a20250627b2025####ek#y0rusy0150####ca##aRU1#aМодель и механизм применения бионического подхода в развитии талантов организацииeЖурнальная статья1#aМоскваcОбщество с ограниченной ответственностью «Научно-издательский центр ИНФРА-М»d2025##a15 с.##aЖурнальная статья2local##aИзучение проблемы организации: методология, анализ, синтез, классификация и таксономия (теория, основы), систематизация в целом. 005#1aЧулановаgО. Л.#1aРазинаgА. С.4#azh-szf.ru